<?xml version="1.0" encoding="UTF-8"?>
<collection xmlns="http://www.loc.gov/MARC21/slim">
 <record>
  <leader>     na                 </leader>
  <controlfield tag="001">INLIS000000000004073</controlfield>
  <controlfield tag="005">20140226171228.0</controlfield>
  <controlfield tag="006">a           ||| | </controlfield>
  <controlfield tag="008">180719|                      ||| | id   </controlfield>
  <datafield tag="020" ind1=" " ind2=" ">
   <subfield code="a">979-543-839-5</subfield>
  </datafield>
  <datafield tag="035" ind1=" " ind2=" ">
   <subfield code="a">0010-031300000004073</subfield>
  </datafield>
  <datafield tag="041" ind1=" " ind2=" ">
   <subfield code="a">id</subfield>
  </datafield>
  <datafield tag="082" ind1="0" ind2=" ">
   <subfield code="a">635.25</subfield>
  </datafield>
  <datafield tag="090" ind1=" " ind2=" ">
   <subfield code="a">635.25 TAN p</subfield>
  </datafield>
  <datafield tag="100" ind1="0" ind2=" ">
   <subfield code="a">Tim bina karya tani</subfield>
  </datafield>
  <datafield tag="245" ind1="0" ind2="0">
   <subfield code="a">Pedoman Bertanam Bawang Merah</subfield>
  </datafield>
  <datafield tag="260" ind1=" " ind2=" ">
   <subfield code="a">Bandung</subfield>
   <subfield code="b">Yrama Widya</subfield>
   <subfield code="c">2008</subfield>
  </datafield>
  <datafield tag="300" ind1=" " ind2=" ">
   <subfield code="a">viii + 120 hlm ; 12,5 x 19,5 cm</subfield>
  </datafield>
  <datafield tag="650" ind1=" " ind2="0">
   <subfield code="a">Tim bina karya tani -- bawang merah</subfield>
  </datafield>
 </record>
</collection>
